000 00450nam a2200193Ia 4500
003 OSt
005 20241126110329.0
008 160523b xxu||||| |||| 00| 0 eng d
020 _a0877848378
040 _cGBC
082 _a209
_bENT
100 _a"ENROTH, RONALD M"
245 2 _aA GUIDE TO CULTS AND NEW RELIGIONS
260 _bInter-Varisity Press
_aUSA
260 _c1983
300 _a215p.
653 _aReligion - Cults
942 _2ddc
_cBK
_05
999 _c77
_d77